The Underdogs/ (Record no. 203099)

MARC details
000 -LEADER
fixed length control field 00490 a2200193 4500
005 - DATE AND TIME OF LATEST TRANSACTION
control field 20240521125644.0
010 ## - LCCN (DPL NO)
LC control number B-759137
020 ## - INTERNATIONAL STANDARD BOOK NUMBER
International Standard Book Number 9789354712583
Terms of availability 399.00
035 ## - SYSTEM CONTROL NUMBER
System control number B-759137
037 ## - SOURCE OF ACQUISITION
Source of stock number/acquisition Gift
082 ## - DEWEY DECIMAL CLASSIFICATION NUMBER
Classification number S
100 ## - MAIN ENTRY--PERSONAL NAME
Personal name West, Tracey
245 ## - TITLE STATEMENT
Title The Underdogs/
Statement of responsibility, etc Tracey West
260 ## - PUBLICATION, DISTRIBUTION, ETC. (IMPRINT)
Place of publication, distribution, etc New York
Name of publisher, distributor, etc Scholastic Inc.
Date of publication, distribution, etc 2022
270 ## - ADDRESS
Address New York
City New York
300 ## - PHYSICAL DESCRIPTION
Extent 154 p.
Dimensions 19 cm(Pb)
942 ## - ADDED ENTRY ELEMENTS (KOHA)
Institution code [OBSOLETE] dpl
Item type Children Books
Source of classification or shelving scheme Dewey Decimal Classification
Classification part S
Call number suffix WES
Holdings
Withdrawn status Lost status Not for loan Collection code Home library Current library Date acquired Source of acquisition Cost, normal purchase price Full call number Barcode Copy number Cost, replacement price Koha item type Public note
      Fiction Sarojini Nagar Sarojini Nagar 21/05/2024 Gift/20.5.24 399.00 S WES B-759137 1 399.00 Children Books Gift

© Delhi Public Library
Hit Counter
free hit counter